[Event "Queenstown Classic"]
[Site "Queenstown"]
[Date "2009.01.15"]
[Round "1.1"]
[White "Mikhalevski, Victor"]
[Black "Bennett, Hilton"]
[Result "1-0"]
[WhiteElo "2608"]
[BlackElo "2032"]
[PlyCount "73"]
[EventDate "2009.??.??"]

1. d4 Nf6 2. c4 g6 3. Nc3 Bg7 4. e4 d6 5. Be2 O-O 6. Nf3 e5 7. O-O Na6 8. Be3
Ng4 9. Bg5 Qe8 10. c5 exd4 11. Nd5 Qxe4 12. Ne7+ Kh8 13. Bc4 d3 14. Bd5 Qe2 15.
cxd6 Nc5 16. dxc7 f6 17. Nxc8 fxg5 18. Nd6 Qe7 19. c8=Q Raxc8 20. Nxc8 Rxc8 21.
b4 Rd8 22. bxc5 Rxd5 23. Rb1 Qc7 24. Qb3 Rd7 25. Qe6 Nf6 26. Rxb7 Qxb7 27. c6
Qb5 28. cxd7 Qxd7 29. Nxg5 Qxe6 30. Nxe6 Bh6 31. f4 Ne4 32. Rf3 d2 33. Rd3 Kg8
34. Rd7 g5 35. fxg5 Nxg5 36. Nxg5 Bxg5 37. Kf2 1-0

[Event "Queenstown Classic"]
[Site "Queenstown"]
[Date "2009.01.15"]
[Round "1.2"]
[White "Mortensen, Henrik"]
[Black "Rozentalis, Eduardas"]
[Result "0-1"]
[WhiteElo "2022"]
[BlackElo "2590"]
[PlyCount "46"]
[EventDate "2009.??.??"]

1. Nf3 d5 2. d4 c6 3. e3 Bg4 4. c4 Nf6 5. Nc3 e6 6. Qb3 Qb6 7. c5 Qc7 8. Qc2
Nbd7 9. b4 Bxf3 10. gxf3 e5 11. dxe5 Nxe5 12. Be2 a5 13. f4 Ned7 14. bxa5 Qxa5
15. O-O Bxc5 16. Bd2 Qa7 17. Bf3 O-O 18. e4 dxe4 19. Nxe4 Nxe4 20. Bxe4 Nf6 21.
Bf5 Bd4 22. Bc3 g6 23. Bd3 Nd5 0-1

[Event "Queenstown Classic"]
[Site "Queenstown"]
[Date "2009.01.15"]
[Round "1.3"]
[White "Mastrovasilis, Dimitrios"]
[Black "Stevens, Tristan"]
[Result "1-0"]
[WhiteElo "2580"]
[BlackElo "2020"]
[PlyCount "73"]
[EventDate "2009.??.??"]

1. e4 e5 2. Nf3 Nc6 3. Bb5 a6 4. Bxc6 dxc6 5. Nc3 Bc5 6. d3 Bg4 7. h3 Bh5 8.
Qe2 f6 9. Be3 Qd6 10. Bxc5 Qxc5 11. O-O-O O-O-O 12. g4 Bf7 13. Qe3 Qa5 14. d4
exd4 15. Rxd4 Rxd4 16. Qxd4 c5 17. Qd3 Ne7 18. Rd1 Be6 19. e5 Nc6 20. exf6 Nb4
21. Qe4 Nxa2+ 22. Nxa2 Qxa2 23. fxg7 Qa1+ 24. Kd2 Rd8+ 25. Ke3 Qxd1 26. Qxe6+
Kb8 27. g8=Q Qc1+ 28. Ke4 Qxc2+ 29. Kf4 Rxg8 30. Qxg8+ Ka7 31. Kg3 c4 32. Ne5
b5 33. Qd8 Kb6 34. Qd4+ Ka5 35. f4 Kb4 36. f5 c5 37. Qc3+ 1-0

[Event "Queenstown Classic"]
[Site "Queenstown"]
[Date "2009.01.15"]
[Round "1.4"]
[White "Jackson, Ross"]
[Black "Bischoff, Klaus"]
[Result "0-1"]
[WhiteElo "2020"]
[BlackElo "2545"]
[PlyCount "94"]
[EventDate "2009.??.??"]

1. e4 c5 2. Nf3 e6 3. d3 Nc6 4. g3 d5 5. Qe2 Nf6 6. e5 Nd7 7. Bg2 b5 8. Bf4 Be7
9. h4 h6 10. g4 a5 11. Nbd2 a4 12. Bg3 Nb6 13. Ng1 c4 14. c3 Ba6 15. d4 b4 16.
Ngf3 a3 17. bxa3 bxc3 18. Nb1 Na4 19. O-O Rb8 20. Rc1 Rb2 21. Qe3 c2 22. Nc3
Qa5 23. Nxa4 Qxa4 24. Ne1 Qxa3 25. Nxc2 Qd3 26. Bf1 Qxe3 27. fxe3 O-O 28. Be1
Ra8 29. Bc3 Rbb8 30. h5 Bb5 31. Be2 Ba4 32. Bd1 Bg5 33. Kf2 f6 34. exf6 Rf8 35.
Be1 Rxf6+ 36. Ke2 Bb5 37. Rcb1 Ba6 38. Rb6 e5 39. dxe5 Nxe5 40. Rxf6 Bxf6 41.
Bc3 Bc8 42. Kd2 Bxg4 43. Bxg4 Nxg4 44. Bxf6 Nxf6 45. Nb4 Ra3 46. Rd1 Kf7 47.
Re1 Nxh5 0-1

[Event "Queenstown Classic"]
[Site "Queenstown"]
[Date "2009.01.15"]
[Round "1.5"]
[White "Jones, Gawain"]
[Black "Markovitz, Neil"]
[Result "1-0"]
[WhiteElo "2540"]
[BlackElo "2015"]
[PlyCount "47"]
[EventDate "2009.??.??"]

1. e4 c5 2. Nc3 Nc6 3. f4 g6 4. Nf3 Bg7 5. Bb5 Nd4 6. O-O Nxb5 7. Nxb5 d5 8.
exd5 a6 9. Nc3 Nf6 10. d4 Nxd5 11. dxc5 Nxc3 12. Qxd8+ Kxd8 13. bxc3 Bd7 14.
Rb1 Bc6 15. Nd4 Bxd4+ 16. cxd4 e6 17. c4 Ke8 18. Bb2 Rg8 19. Rbd1 Rd8 20. d5
Ba4 21. Rd2 Rd7 22. Bf6 Kf8 23. c6 bxc6 24. Rb1 1-0

[Event "Queenstown Classic"]
[Site "Queenstown"]
[Date "2009.01.15"]
[Round "1.6"]
[White "Goodhue, Nathan"]
[Black "Johannessen, Leif Erlend"]
[Result "0-1"]
[WhiteElo "2009"]
[BlackElo "2539"]
[PlyCount "52"]
[EventDate "2009.??.??"]

1. e4 c5 2. Nf3 Nc6 3. d3 g6 4. g3 Bg7 5. Bg2 e5 6. c4 Nge7 7. Nc3 O-O 8. Be3
d6 9. h3 f5 10. Qd2 Nd4 11. Bxd4 cxd4 12. Nd5 Nxd5 13. exd5 Bd7 14. O-O Kh8 15.
Rad1 Qf6 16. Ng5 Rae8 17. f4 exf4 18. gxf4 Re3 19. Kh2 h6 20. Nf3 g5 21. Ne1
Rfe8 22. Nc2 Re2 23. Qc1 g4 24. Rd2 Qh4 25. Rxe2 Rxe2 26. Qd1 Qxh3+ 0-1

[Event "Queenstown Classic"]
[Site "Queenstown"]
[Date "2009.01.15"]
[Round "1.8"]
[White "Svendsen, Peter Willer"]
[Black "Smerdon, David"]
[Result "0-1"]
[WhiteElo "2007"]
[BlackElo "2463"]
[PlyCount "68"]
[EventDate "2009.??.??"]

1. d4 Nf6 2. c4 e6 3. Nf3 d5 4. Nc3 Bb4 5. Bg5 c5 6. cxd5 exd5 7. g3 Nbd7 8.
Bg2 Bxc3+ 9. bxc3 Qa5 10. O-O Qxc3 11. dxc5 Qxc5 12. Rc1 Qa5 13. Qd4 O-O 14.
Nh4 h6 15. Bd2 Qa6 16. Nf5 Qe6 17. Ne3 Nb6 18. a4 a5 19. Rc5 Ne4 20. Rxa5 Nxd2
21. Qxd2 d4 22. Nd5 Nc4 23. Qb4 Rxa5 24. Qxc4 Bd7 25. Qxd4 Rxa4 26. Qc5 Re8 27.
Nc7 Qe7 28. Qb6 Rb8 29. Nd5 Qe5 30. Qc5 Kh8 31. e4 Ra1 32. f4 Rxf1+ 33. Kxf1
Qa1+ 34. Kf2 Rc8 0-1

[Event "Queenstown Classic"]
[Site "Queenstown"]
[Date "2009.01.15"]
[Round "1.9"]
[White "Solomon, Stephen"]
[Black "Flitney, Adrian"]
[Result "1-0"]
[WhiteElo "2460"]
[BlackElo "1990"]
[PlyCount "87"]
[EventDate "2009.??.??"]

1. e4 e6 2. d4 d5 3. Nc3 Bb4 4. e5 c5 5. Bd2 cxd4 6. Nb5 Bf8 7. f4 Qb6 8. a4 a5
9. Nf3 Nc6 10. Bd3 Nh6 11. O-O Nf5 12. Bxf5 exf5 13. Nfxd4 Be7 14. Be3 Nxd4 15.
Qxd4 Qxd4 16. Bxd4 Kd7 17. Rad1 Kc6 18. Rf3 b6 19. Nd6 Bxd6 20. exd6 f6 21.
Rc3+ Kxd6 22. Bxb6 Be6 23. b3 Rhc8 24. Rxc8 Rxc8 25. Rd2 Ra8 26. Kf2 Kc6 27.
Bd4 Re8 28. Re2 Bf7 29. Rxe8 Bxe8 30. Ke3 Bf7 31. Bc3 Kb6 32. Kd4 Be6 33. Bb2
Kc6 34. Ba3 Bc8 35. Bf8 g6 36. Be7 Kb6 37. Bxf6 Bb7 38. Bd8+ Ka6 39. g3 Ba8 40.
c3 Bb7 41. b4 axb4 42. cxb4 Ba8 43. b5+ Ka7 44. a5 1-0

[Event "Queenstown Classic"]
[Site "Queenstown"]
[Date "2009.01.15"]
[Round "1.10"]
[White "Brown, Andrew"]
[Black "Johansen, Darryl"]
[Result "1-0"]
[WhiteElo "1987"]
[BlackElo "2455"]
[PlyCount "115"]
[EventDate "2009.??.??"]

1. d4 e6 2. c4 Bb4+ 3. Bd2 Qe7 4. Nf3 Nf6 5. Nc3 O-O 6. Qc2 d6 7. O-O-O Nbd7 8.
e4 e5 9. dxe5 dxe5 10. Kb1 c6 11. Nh4 Nc5 12. Nf5 Bxf5 13. exf5 a5 14. f3 Rfd8
15. Be2 e4 16. g4 e3 17. Bc1 Qe5 18. Rhf1 Bxc3 19. Qxc3 Qxc3 20. bxc3 Re8 21.
Rfe1 Re7 22. Kc2 Nfd7 23. Ba3 Rae8 24. Rd4 f6 25. Red1 Kf7 26. f4 Rc8 27. g5
Rc7 28. Bh5+ g6 29. fxg6+ hxg6 30. gxf6 Kxf6 $11 31. Rd6+ Re6 32. Bg4 Rxd6 33.
Rxd6+ Kf7 34. Kd1 b6 35. Ke2 Nf6 36. Bxc5 Nxg4 37. Bxb6 Re7 38. h3 Nh6 39. Rxc6
Re4 40. Bd4 Nf5 41. Be5 Ng3+ 42. Ke1 g5 43. Rf6+ Ke8 44. Rg6 gxf4 45. Bxf4 Nf5
46. Rg4 Rxc4 47. Be5 Rc5 48. Re4 Kf7 49. c4 Rc6 50. Bc3 a4 51. Re5 Kg6 52. c5
Kg5 53. Ke2 Kf4 54. Kd3 Rc7 55. Rd5 Re7 56. c6 e2 57. Bd2+ Ne3 58. Kxe2 1-0

[Event "Queenstown Classic"]
[Site "Queenstown"]
[Date "2009.01.15"]
[Round "1.12"]
[White "Charamova, Evgenia"]
[Black "Van Delft, Merijn"]
[Result "0-1"]
[WhiteElo "1981"]
[BlackElo "2397"]
[PlyCount "36"]
[EventDate "2009.??.??"]

1. e4 c5 2. Nf3 e6 3. d4 cxd4 4. Nxd4 a6 5. Nc3 b5 6. a3 Bb7 7. Be3 d6 8. Qd2
Nf6 9. f3 Nbd7 10. a4 b4 11. Na2 d5 12. Nxb4 dxe4 13. Be2 Ne5 14. O-O Bc5 15.
Kh1 Qb6 16. c3 exf3 17. a5 fxg2+ 18. Kg1 gxf1=Q+ 0-1

[Event "Queenstown Classic"]
[Site "Queenstown"]
[Date "2009.01.15"]
[Round "1.13"]
[White "Hecht, Hans-Joachim"]
[Black "Milligan, Helen"]
[Result "1-0"]
[WhiteElo "2394"]
[BlackElo "1976"]
[PlyCount "51"]
[EventDate "2009.??.??"]

1. d4 Nf6 2. c4 e6 3. g3 d5 4. Nf3 dxc4 5. Qa4+ Bd7 6. Qxc4 Bc6 7. Bg2 Bd5 8.
Qd3 Be4 9. Qd1 Nc6 10. O-O Nb4 11. Nc3 Bc2 12. Qd2 Bg6 13. Ne5 c6 14. e4 Be7
15. a3 Na6 16. f4 h5 17. Nxg6 fxg6 18. e5 Nd5 19. Qd3 Qb6 20. Qxg6+ Kd7 21.
Nxd5 cxd5 22. Be3 Qb3 23. Rae1 Raf8 24. f5 exf5 25. e6+ Kd8 26. Bg5 1-0

[Event "Queenstown Classic"]
[Site "Queenstown"]
[Date "2009.01.15"]
[Round "1.14"]
[White "Voon, Richard"]
[Black "Van Riemsdijk, Herman"]
[Result "0-1"]
[WhiteElo "1976"]
[BlackElo "2392"]
[PlyCount "130"]
[EventDate "2009.??.??"]

1. Nf3 c5 2. c4 Nf6 3. d4 cxd4 4. Nxd4 e5 5. Nb5 Bc5 6. Nd6+ Ke7 7. Nxc8+ Qxc8
8. Nc3 d6 9. e3 Nbd7 10. Be2 Bb4 11. Bd2 Nb6 12. Qb3 Bxc3 13. Bxc3 Ne4 14. Bb4
Nc5 15. Qc2 Qe6 16. O-O Rac8 17. Rfd1 Qg6 18. Rac1 Qxc2 19. Rxc2 f5 20. b3 Rhd8
21. f3 Rc6 22. Rcd2 Ne6 23. Bd3 g6 24. Bb1 Nc5 25. g3 Ke6 26. e4 f4 27. gxf4
exf4 28. Kf2 Nbd7 29. Bd3 Ne5 30. Bf1 b6 31. Rd5 Ke7 32. Bc3 Ng4+ 33. Kg1 Ne3
34. Re1 Nd7 35. Bg2 Rc5 36. Rd2 Rg5 37. Kh1 Ne5 38. Bxe5 dxe5 39. Rxd8 Kxd8 40.
Re2 Rh5 41. Kg1 g5 42. Rd2+ Kc7 43. Bf1 Rh6 44. Bg2 Rd6 45. Rxd6 Kxd6 46. Bf1
Kc5 47. Bh3 Kb4 48. Be6 a5 49. Kf2 Nd1+ 50. Ke1 Nc3 51. Kd2 Nxa2 52. Kc2 Nc3
53. Kd3 h6 54. Bf7 Nb1 55. Kc2 Na3+ 56. Kd3 b5 57. Bd5 Kc5 58. Kc3 b4+ 59. Kd3
g4 60. fxg4 f3 61. h4 a4 62. g5 axb3 63. g6 b2 64. g7 b1=Q+ 65. Ke3 Qf1 0-1

[Event "Queenstown Classic"]
[Site "Queenstown"]
[Date "2009.01.15"]
[Round "1.15"]
[White "Zawadka, Jolanta"]
[Black "Harris, Rebecca"]
[Result "1-0"]
[WhiteElo "2385"]
[BlackElo "1975"]
[PlyCount "71"]
[EventDate "2009.??.??"]

1. e4 c5 2. Nf3 e6 3. d4 cxd4 4. Nxd4 Nf6 5. Nc3 Nc6 6. Ndb5 Bb4 7. a3 Bxc3+ 8.
Nxc3 d5 9. Bd3 O-O 10. O-O h6 11. Kh1 dxe4 12. Nxe4 Ne5 13. Nxf6+ Qxf6 14. Be4
Qh4 15. Qe2 Ng4 16. Bf4 e5 17. Bg3 Qe7 18. f3 Nf6 19. Bd3 Re8 20. Rae1 Nd7 21.
f4 Nc5 22. Bb5 Bd7 23. Bxd7 Qxd7 24. fxe5 Ne6 25. Rd1 Qc7 26. Rd6 Rac8 27. c3
Nf4 28. Qf2 Ne2 29. Rfd1 Nxg3+ 30. Qxg3 Rcd8 31. h3 Rxd6 32. exd6 Qd7 33. c4 b6
34. b4 Qc6 35. Qd3 Rd8 36. Qd5 1-0

[Event "Queenstown Classic"]
[Site "Queenstown"]
[Date "2009.01.16"]
[Round "2.1"]
[White "Reilly, Tim"]
[Black "Mikhalevski, Victor"]
[Result "0-1"]
[WhiteElo "2256"]
[BlackElo "2608"]
[PlyCount "128"]
[EventDate "2009.??.??"]

1. d4 Nf6 2. c4 g6 3. Nc3 Bg7 4. e4 d6 5. f3 O-O 6. Bg5 c5 7. d5 e6 8. Qd2 h6
9. Bf4 exd5 10. cxd5 a6 11. a4 Qe7 12. Nge2 Nbd7 13. Ng3 h5 14. Bg5 Re8 15. Be2
Qf8 16. O-O Nh7 17. Be3 h4 18. Nh1 f5 19. Nf2 Ne5 20. Rab1 Qf6 21. a5 Bd7 22.
b4 c4 23. Rbc1 Rac8 24. Ncd1 Bb5 25. exf5 gxf5 26. Nh3 c3 27. Rxc3 Rxc3 28.
Bxb5 Nc4 29. Qxc3 Qxc3 30. Nxc3 axb5 31. Nxb5 Nxe3 32. Re1 Re5 33. Nxd6 Nxd5
34. Rxe5 Bxe5 35. Nxb7 Nxb4 36. f4 Bd4+ 37. Kf1 Kf7 38. Nd6+ Ke6 39. Nc4 Kd5
40. Nd2 Bf6 41. Nf3 Nf8 42. g3 Ng6 43. Kg2 Bd8 44. Nhg5 Nd3 45. a6 Bb6 46. Nf7
Ke6 47. N3g5+ Kd5 48. Nh6 Ne7 49. Kh3 Bf2 50. a7 Bxa7 51. Kxh4 Bd4 52. Kh5 Bg1
53. Nf3 Bb6 54. Kg5 Ke6 55. h3 Nf2 56. Kh4 Kf6 57. Ne5 Kg7 58. Nhf7 Ne4 59. Ng5
Bf2 60. Nxe4 fxe4 61. Kg4 Nd5 62. Nc4 Nf6+ 63. Kf5 Bxg3 64. Kg5 Bf2 0-1

[Event "Queenstown Classic"]
[Site "Queenstown"]
[Date "2009.01.16"]
[Round "2.2"]
[White "Rozentalis, Eduardas"]
[Black "Lukey, Stephen"]
[Result "1-0"]
[WhiteElo "2590"]
[BlackElo "2247"]
[PlyCount "95"]
[EventDate "2009.??.??"]

1. e4 e6 2. d4 d5 3. Nd2 c5 4. Ngf3 Nc6 5. exd5 exd5 6. Bb5 Bd6 7. dxc5 Bxc5 8.
Nb3 Bd6 9. O-O Nge7 10. c3 O-O 11. Bd3 h6 12. h3 Bf5 13. Re1 Qd7 14. Be3 Rfd8
15. Bc5 Rac8 16. Bxd6 Qxd6 17. Bxf5 Nxf5 18. Qd3 Qf6 19. Rad1 g6 20. Qd2 Kg7
21. Qf4 Rd6 22. Ne5 g5 23. Qh2 Re8 24. Nxc6 Rxe1+ 25. Rxe1 Rxc6 26. Qb8 d4 27.
Qxb7 dxc3 28. bxc3 a6 29. Rc1 Qe6 30. g4 Ng3 31. Nd4 Qe4 32. Qxc6 Ne2+ 33. Kf1
Qxc6 34. Nxc6 Nxc1 35. Ke1 Nd3+ 36. Ke2 Nf4+ 37. Ke3 Nxh3 38. Nb4 a5 39. Nd5 f5
40. gxf5 g4 41. c4 Kf7 42. c5 Ke8 43. c6 Ng5 44. Kf4 Nf7 45. c7 Kd7 46. Kxg4
Nd6 47. f6 Kc6 48. f7 1-0

[Event "Queenstown Classic"]
[Site "Queenstown"]
[Date "2009.01.16"]
[Round "2.3"]
[White "Illingworth, Max"]
[Black "Mastrovasilis, Dimitrios"]
[Result "1/2-1/2"]
[WhiteElo "2250"]
[BlackElo "2580"]
[PlyCount "110"]
[EventDate "2009.??.??"]

1. d4 d5 2. c4 e6 3. Nf3 Nf6 4. e3 c5 5. cxd5 exd5 6. Bb5+ Bd7 7. Bxd7+ Nbxd7
8. dxc5 Nxc5 9. O-O Be7 10. Nc3 O-O 11. b3 Qa5 12. Bb2 Rfd8 13. Nd4 Qa6 14. Nf5
Bf8 15. Ne2 g6 16. Bxf6 Qxf6 17. Nfd4 Rac8 18. Nf4 Bh6 19. Nd3 Ne6 20. Ne2 Qh4
21. Ne5 Qe4 22. Nf3 Rc5 23. Ned4 Rdc8 24. Qd2 Bg7 25. Rfe1 Rc3 26. Rad1 Bxd4
27. Nxd4 Nxd4 28. Qxd4 Qxd4 29. Rxd4 Rc2 30. Rxd5 Rxa2 31. g4 Rcc2 32. Rf1 Rc3
33. Rb1 Rcc2 34. Rf1 Rab2 35. Rb5 b6 36. g5 Kf8 37. Rb4 Kg7 38. h4 Rc5 39. Ra1
Rf5 40. Rxa7 Rbxf2 41. Rxb6 Rf1+ 42. Kg2 R5f2+ 43. Kg3 Rf3+ 44. Kg2 R3f2+ 45.
Kg3 Rf3+ 46. Kg2 R1f2+ 47. Kg1 h6 48. h5 Rf1+ 49. Kg2 R1f2+ 50. Kg1 gxh5 51. g6
Rf1+ 52. Kg2 R3f2+ 53. Kg3 Rf3+ 54. Kg2 R1f2+ 55. Kg1 Rf1+ 1/2-1/2

[Event "Queenstown Classic"]
[Site "Queenstown"]
[Date "2009.01.16"]
[Round "2.4"]
[White "Bischoff, Klaus"]
[Black "Drummond, Matthew"]
[Result "1-0"]
[WhiteElo "2545"]
[BlackElo "2236"]
[PlyCount "55"]
[EventDate "2009.??.??"]

1. d4 Nf6 2. Nf3 e6 3. c4 c5 4. g3 cxd4 5. Nxd4 d5 6. Bg2 e5 7. Nf3 d4 8. O-O
Nc6 9. e3 Bc5 10. exd4 exd4 11. Bg5 O-O 12. Nbd2 h6 13. Ne4 Be7 14. Bxf6 Bxf6
15. Ne1 Be6 16. Rc1 Be7 17. Nd3 Qc8 18. a3 f5 19. Nec5 Bf7 20. b4 a5 21. b5 Nd8
22. Na4 Bxa3 23. Nb6 Qb8 24. Ra1 Be7 25. Re1 Re8 26. Nxa8 Qxa8 27. Qa4 Qc8 28.
c5 1-0

[Event "Queenstown Classic"]
[Site "Queenstown"]
[Date "2009.01.16"]
[Round "2.6"]
[White "Johannessen, Leif Erlend"]
[Black "Goldsmith, Alan"]
[Result "1-0"]
[WhiteElo "2539"]
[BlackElo "2226"]
[PlyCount "63"]
[EventDate "2009.??.??"]

1. d4 Nf6 2. c4 c5 3. d5 e5 4. Nc3 d6 5. e4 g6 6. Nf3 Bg7 7. Be2 Nh5 8. g3 Nd7
9. O-O O-O 10. Ne1 Ndf6 11. Nd3 Bh3 12. Re1 Qd7 13. f3 a6 14. Nf2 b5 15. cxb5
Rab8 16. a4 c4 17. g4 Qa7 18. Bxc4 Nf4 19. Be3 Qc7 20. Bd3 Ng2 21. Nxh3 Nxe1
22. Qxe1 h5 23. Nf2 Nd7 24. a5 f5 25. b6 Qc8 26. g5 Qd8 27. h4 fxe4 28. Nfxe4
Rxf3 29. Kg2 Nc5 30. Nxc5 Rxe3 31. Qxe3 dxc5 32. Qe4 1-0

[Event "Queenstown Classic"]
[Site "Queenstown"]
[Date "2009.01.16"]
[Round "2.7"]
[White "Bakker, Sven"]
[Black "Wells, Peter"]
[Result "0-1"]
[WhiteElo "2233"]
[BlackElo "2513"]
[PlyCount "120"]
[EventDate "2009.??.??"]

1. d4 Nf6 2. c4 e6 3. g3 d5 4. Nf3 Bb4+ 5. Bd2 Be7 6. Bg2 O-O 7. O-O Nbd7 8.
cxd5 exd5 9. Nc3 c6 10. Qc2 Re8 11. Rfe1 g6 12. Rad1 Nb6 13. Ne5 Bf5 14. Qb3
Be6 15. Bf4 Qc8 16. Qc2 Bh3 17. Bh1 Nh5 18. Bc1 Ng7 19. a3 Ne6 20. e4 dxe4 21.
Nxe4 Qc7 22. Nc5 Rad8 23. Nxe6 Bxe6 24. b4 Qc8 25. h4 Bd5 26. Bg2 Bf6 27. Bg5
Rd6 28. Kh2 Bxg2 29. Kxg2 Nd5 30. Rd3 Bg7 31. Qd2 Rde6 32. Nf3 Rxe1 33. Nxe1 h6
34. Be3 Kh7 35. Nf3 Qf5 36. Rb3 b5 37. Qd3 Qg4 38. Nh2 Qe4+ 39. Qxe4 Rxe4 40.
Nf3 f5 41. Nd2 Re7 42. Rd3 Bf6 43. Nb1 Rd7 44. Kf3 g5 45. hxg5 hxg5 46. Rd1 Kg6
47. Rc1 Rd6 48. Nd2 Re6 49. Nb3 g4+ 50. Ke2 Bg5 51. Na5 Nxe3 52. fxe3 Rxe3+ 53.
Kd1 Rd3+ 54. Kc2 Rxg3 55. Rd1 Rxa3 56. Nxc6 Bf6 57. d5 g3 58. Nd4 Bxd4 59. Rxd4
g2 60. Rd1 Kf7 0-1

[Event "Queenstown Classic"]
[Site "Queenstown"]
[Date "2009.01.16"]
[Round "2.8"]
[White "Smerdon, David"]
[Black "Stojic, Dusan"]
[Result "1-0"]
[WhiteElo "2463"]
[BlackElo "2219"]
[PlyCount "89"]
[EventDate "2009.??.??"]

1. e4 c5 2. Nf3 d6 3. d4 cxd4 4. Nxd4 Nf6 5. Nc3 a6 6. Be3 e5 7. Nf3 Be7 8. Bc4
O-O 9. O-O Be6 10. Qd3 Nc6 11. Bxe6 fxe6 12. Ng5 Qd7 13. Na4 Bd8 14. Rad1 h6
15. Nh3 Nd4 16. Nc3 Bb6 17. Nb1 Qc6 18. c3 Nb5 19. Bxb6 Qxb6 20. Nd2 Rad8 21.
Rfe1 Na7 22. Qc4 d5 23. Qb3 Qxb3 24. Nxb3 Nc6 25. Nc5 Rfe8 26. f3 Re7 27. Nf2
b6 28. Ncd3 a5 29. h3 Kf7 30. Re2 h5 31. h4 Ke8 32. Rde1 dxe4 33. fxe4 Red7 34.
Re3 Ng4 35. Rg3 Nxf2 36. Nxf2 Rd2 37. Rxg7 Rxb2 38. g4 hxg4 39. h5 Kf8 40. h6
g3 41. Rxg3 Ke7 42. Rg7+ Kd6 43. Rd1+ Nd4 44. cxd4 Kc6 45. h7 1-0

[Event "Queenstown Classic"]
[Site "Queenstown"]
[Date "2009.01.16"]
[Round "2.9"]
[White "Levi, Eddy"]
[Black "Solomon, Stephen"]
[Result "0-1"]
[WhiteElo "2219"]
[BlackElo "2460"]
[PlyCount "164"]
[EventDate "2009.??.??"]

1. e4 e5 2. Bc4 Nf6 3. d3 Nc6 4. Nf3 Be7 5. O-O d6 6. c3 O-O 7. Bb3 Be6 8. Re1
h6 9. Nbd2 Nh5 10. d4 Bxb3 11. Nxb3 Nf4 12. Bxf4 exf4 13. Nc1 Bf6 14. Nd3 g5
15. h3 Bg7 16. Qb3 Qc8 17. e5 b6 18. Re4 Re8 19. Rae1 Qd7 20. a3 d5 21. R4e2
Re6 22. Nb4 Ne7 23. Qc2 a5 24. Nd3 Rg6 25. e6 Rxe6 26. Nde5 Qe8 27. Nxf7 Rxe2
28. Nxh6+ Bxh6 29. Qxe2 Bf8 30. Nxg5 Qg6 31. Ne6 Nf5 32. Nxf4 Qf7 33. Qg4+ Ng7
34. Qg5 c6 35. Nd3 Re8 36. Ne5 Qf5 37. Qd2 Ne6 38. Nxc6 Bd6 39. Qd1 a4 40. Qg4+
Qxg4 41. hxg4 Kf7 42. Ne5+ Bxe5 43. Rxe5 Nc7 44. Rf5+ Kg6 45. Kf1 Rh8 46. Ke2
Rh1 47. Kd2 Rh4 48. Re5 Kf7 49. Rh5 Rxg4 50. g3 b5 51. Rh8 Ne8 52. Rh5 Nf6 53.
Rh8 Ke7 54. Kc2 Re4 55. Kd2 Re6 56. f3 Ne8 57. Rh7+ Kd8 58. Rh5 Nd6 59. Rxd5
Kc7 60. Kd3 Re1 61. Re5 Rf1 62. f4 Kc6 63. Rc5+ Kb6 64. Rg5 Nc4 65. Rg6+ Ka5
66. d5 Nxb2+ 67. Kd4 Rd1+ 68. Kc5 Rd3 69. d6 Rxc3+ 70. Kd5 Rxa3 71. d7 Rd3+ 72.
Kc6 Rxd7 73. Kxd7 a3 74. Rg8 Na4 75. Rh8 a2 76. Rh1 b4 77. f5 Nc5+ 78. Kc6 Ne4
79. Kd5 b3 80. Rh8 b2 81. Ra8+ Kb4 82. Rb8+ Kc3 0-1

[Event "Queenstown Classic"]
[Site "Queenstown"]
[Date "2009.01.16"]
[Round "2.11"]
[White "van Delft, Merijn"]
[Black "Lauterbach, Ingrid"]
[Result "1-0"]
[WhiteElo "2397"]
[BlackElo "2154"]
[PlyCount "51"]
[EventDate "2009.??.??"]

1. e4 d6 2. d4 g6 3. Nc3 Bg7 4. Be3 a6 5. Qd2 b5 6. h4 h5 7. f3 Bb7 8. Nh3 e6
9. Ng5 Ne7 10. O-O-O d5 11. Ne2 Nd7 12. Nf4 Qc8 13. g3 dxe4 14. fxe4 Nf6 15. d5
exd5 16. Bh3 Qb8 17. e5 Ng4 18. Bxg4 hxg4 19. Bc5 c6 20. e6 f6 21. Nf7 Nf5 22.
Nxh8 Bxh8 23. Qd3 Bg7 24. h5 Bh6 25. hxg6 Nxg3 26. Rxh6 1-0

[Event "Queenstown Classic"]
[Site "Queenstown"]
[Date "2009.01.16"]
[Round "2.12"]
[White "Pyke, Malcolm"]
[Black "Hecht, Hans-Joachim"]
[Result "1/2-1/2"]
[WhiteElo "2182"]
[BlackElo "2394"]
[PlyCount "54"]
[EventDate "2009.??.??"]

1. d4 e6 2. Nf3 Nf6 3. g3 b5 4. Bg2 Bb7 5. O-O Be7 6. c3 O-O 7. Bg5 d5 8. Bxf6
Bxf6 9. Nbd2 Nd7 10. Re1 c5 11. e4 Rc8 12. exd5 Bxd5 13. Ne4 Be7 14. Nxc5 Nxc5
15. dxc5 Bxc5 16. Ne5 Qb6 17. Qc2 Rfd8 18. Rad1 Qb7 19. Bxd5 Rxd5 20. Qe4 Rcd8
21. Qf3 Qc7 22. Rxd5 Rxd5 23. Qe4 h6 24. Nd3 Bd6 25. Re2 g6 26. Kg2 Kg7 27. Nb4
Bxb4 1/2-1/2

[Event "Queenstown Classic"]
[Site "Queenstown"]
[Date "2009.01.16"]
[Round "2.13"]
[White "Van Riemsdijk, Herman"]
[Black "Schon, Eugene"]
[Result "1/2-1/2"]
[WhiteElo "2392"]
[BlackElo "2115"]
[PlyCount "69"]
[EventDate "2009.??.??"]

1. e4 e5 2. Nf3 Nc6 3. Bb5 a6 4. Ba4 Nf6 5. O-O Be7 6. Re1 b5 7. Bb3 d6 8. c3
O-O 9. d4 Bg4 10. Be3 exd4 11. cxd4 Na5 12. Bc2 Nc4 13. Bc1 c5 14. b3 Nb6 15.
dxc5 dxc5 16. Qe2 Bxf3 17. Qxf3 Qd4 18. Qc3 Rfd8 19. Be3 Qxc3 20. Nxc3 Ng4 21.
Bf4 b4 22. Nd1 Bf6 23. Rc1 Ne5 24. Be3 Be7 25. Nb2 Nc6 26. Bd1 Nd4 27. Nc4 Nxc4
28. bxc4 Ne6 29. Ba4 Bf6 30. Rcd1 Bc3 31. Rxd8+ Rxd8 32. Rd1 Rxd1+ 33. Bxd1 Kf8
34. Kf1 Nd4 35. Bxd4 1/2-1/2

[Event "Queenstown Classic"]
[Site "Queenstown"]
[Date "2009.01.16"]
[Round "2.14"]
[White "Baider, Daniel"]
[Black "Zawadzka, Jolanta"]
[Result "0-1"]
[WhiteElo "2385"]
[BlackElo "2125"]
[PlyCount "84"]
[EventDate "2009.??.??"]

1. d4 Nf6 2. Nf3 g6 3. c4 Bg7 4. g3 d6 5. Bg2 O-O 6. O-O Nc6 7. Nc3 Bg4 8. Ne1
Qc8 9. Nc2 e5 10. d5 Ne7 11. b4 a5 12. a3 axb4 13. axb4 Rxa1 14. Nxa1 c6 15. f3
Bd7 16. Qd3 cxd5 17. cxd5 e4 18. fxe4 Ng4 19. Bd2 Ne5 20. Qc2 Qc4 21. Nd1 Qxe2
22. Bg5 Qxc2 23. Nxc2 f6 24. Bf4 Bb5 25. Rf2 Nd3 26. Bxd6 Nxf2 27. Nxf2 Rc8 28.
Bf1 Bxf1 29. Kxf1 Nxd5 30. exd5 Rxc2 31. Nd3 Rd2 32. Nc5 b6 33. Na4 Rxd5 34.
Bc7 b5 35. Nc3 Rf5+ 36. Ke2 Bf8 37. g4 Bxb4 38. Ne4 Rc5 39. Nxc5 Bxc5 40. Kd3
Kf7 41. Ke4 Ke6 42. Bg3 Bd6 0-1

[Event "Queenstown Classic"]
[Site "Queenstown"]
[Date "2009.01.16"]
[Round "2.15"]
[White "Motoc, Alina"]
[Black "Shen, Daniel"]
[Result "0-1"]
[WhiteElo "2358"]
[BlackElo "2098"]
[PlyCount "136"]
[EventDate "2009.??.??"]

1. d4 d5 2. c4 c6 3. Nf3 Nf6 4. Nc3 e6 5. Bg5 Nbd7 6. e3 Qa5 7. cxd5 Nxd5 8.
Qd2 Bb4 9. Rc1 c5 10. a3 Bxc3 11. bxc3 b6 12. c4 Qxd2+ 13. Nxd2 N5f6 14. Bd3
Bb7 15. f3 h6 16. Bh4 Rc8 17. O-O O-O 18. Rfe1 g5 19. Bf2 Rfd8 20. h4 g4 21.
Be2 h5 22. Nb3 cxd4 23. exd4 Ba6 24. Be3 gxf3 25. gxf3 e5 26. Bg5 Kg7 27. Kh2
Re8 28. Rg1 Kh8 29. Bd3 e4 30. fxe4 Nxe4 31. Bh6 f5 32. Rcf1 Bxc4 33. Bxc4 Rxc4
34. Rxf5 Rc2+ 35. Rg2 Rxg2+ 36. Kxg2 Rg8+ 37. Kf3 Kh7 38. Rf7+ Kxh6 39. Rxd7
Rg4 40. Re7 Nf6 41. Rxa7 Rxh4 42. Ke2 Re4+ 43. Kf3 Rh4 44. Kg2 Rg4+ 45. Kf3 h4
46. Nd2 Rxd4 47. Nf1 Rd3+ 48. Kg2 Ng4 49. Rb7 h3+ 50. Kg1 Rb3 51. a4 Rb1 52.
Rf7 Ne3 53. Kh2 Rxf1 54. Rxf1 Nxf1+ 55. Kxh3 Kg5 56. Kg2 Nd2 57. Kf2 Kf4 58.
Ke2 Nb3 59. Kd3 Ke5 60. Kc4 Nd4 61. Kb4 Kd5 62. a5 Nc6+ 63. Kb5 bxa5 64. Ka4
Kc4 65. Ka3 Kb5 66. Kb3 a4+ 67. Ka3 Ne5 68. Ka2 Kb4 0-1